000 01016nam a22002657a 4500
001 80801
003 BD-RjUL
005 20230607102008.0
008 221118s1999 bg a|||| m||| 00| 0 eng d
035 _a(BD-RjUL)80801
040 _aBD-RjUL
_beng
_cBD-RjUL
_dBD-RjUL
041 _aeng
082 _223
_a551.5
_bHAC 1999
100 _aHaque, Muhammad. Zahurul
_95898
245 1 0 _aChemical investigations on Lac and its derived products /
_cBy Muhammad Zahurul Haque ;
_6Supervisor : M. Umar Ali, Co-Supervisor : M. Umar Faruq
260 _aRajshahi :
_bDepartment of Chemistry, University of Rajshahi,
_c1999
300 _a[7], 199 leaves :
_bill, ;
_c29.cm.
502 _aThesis (Ph. D.) -- Department of Chemistry, University of Rajshahi, 1999
504 _aReferences : Leaves 199
650 _aAtmospheric chemistry
_97882
700 _aAli, M. Umar, Supervisor
_95899
700 _aFaruq, M. Umar, Co-Supervisor
_95900
856 _uhttp://rulrepository.ru.ac.bd/handle/123456789/995
942 _2ddc
_cTHE
999 _c80801
_d80801